Dienstleistungssektor und Dienstleistungspolitik in Entwicklungsländern <Eine> theoretische und empirische Analyse mit einer Fallstudie der ASEAN-Staaten
Saved in:
| Main Author: | |
|---|---|
| Format: | Book |
| Language: | German |
| Published: |
Frankfurt am Main
Lang
1992
|
| Edition: | 1. Aufl. |
| Series: | Bochumer Schriften zur Entwicklungsforschung und Entwicklungspolitik
Bd.30 |
| Subjects: | |
| Tags: |
No Tags, Be the first to tag this record!
|
MARC
| LEADER | 00000nam a2200000 4500 | ||
|---|---|---|---|
| 001 | c005296 | ||
| 005 | 20221206083034.7 | ||
| 020 | |a 3-631-44566-0 | ||
| 041 | 0 | |a ger | |
| 044 | |a DE | ||
| 245 | 1 | 0 | |a Dienstleistungssektor und Dienstleistungspolitik in Entwicklungsländern |b <Eine> theoretische und empirische Analyse mit einer Fallstudie der ASEAN-Staaten |c Jürgen Reinhardt |
| 250 | |a 1. Aufl. | ||
| 264 | 1 | |a Frankfurt am Main |b Lang |c 1992 | |
| 300 | |a 347 s. | ||
| 490 | 1 | |a Bochumer Schriften zur Entwicklungsforschung und Entwicklungspolitik |v Bd.30 | |
| 830 | 0 | |a Bochumer Schriften zur Entwicklungsforschung und Entwicklungspolitik |v Bd.30 | |
| 610 | 2 | 0 | |a služby |
| 610 | 2 | 0 | |a krajiny rozvojové |
| 610 | 2 | 0 | |a štúdie prípadové |
| 610 | 2 | 0 | |a politika hospodárska |
| 610 | 2 | 0 | |a obchod medzinárodný |
| 610 | 2 | 0 | |a teórie ekonomické |
| 610 | 2 | 0 | |a hypotézy |
| 610 | 2 | 0 | |a stratégia podniková |
| 610 | 2 | 0 | |a podnikanie |
| 610 | 2 | 0 | |a konkurencia |
| 610 | 2 | 0 | |a liberalizácia |
| 610 | 2 | 0 | |a investície |
| 610 | 2 | 0 | |a GNS |
| 610 | 2 | 0 | |a Všeobecná dohoda o clách a obchode |
| 610 | 2 | 0 | |a ASEAN |
| 100 | 1 | |a Reinhardt, Jürgen | |